000 00733 a2200205 4500
999 _c9028
_d9028
020 _a9780414042131
050 0 0 _aKF2750 CAR 2010
100 1 _aCarey, Peter,
_eauthor
245 1 0 _aMedia law /
_cby Peter Carey and Nick Armstrong, Duncan Lamont, and James Quartermaine.
250 _a5th ed.
264 _aLondon :
_bThomson Reuters (Legal) limited,
_c2010.
300 _axxxvi, 395 p. :
_bill. ;
500 _aIncludes index.
650 0 _aMass media
_xLaw and legislation
700 1 _aArmstrong, Nick.
_eauthor
700 1 _aLamont, Duncan.
_eauthor
700 1 _aQuartermaine, James.
_eauthor
942 _2lcc
_cBK
_e5th ed.
_h2750
_iCAR
_kKF